02171nas a2200313 i 4500003000900000005001700009007000300026008004100029040003000070041000800100110008100108245013300189246001300322264010100335300005600436310004500492336002700537337003400564338002800598362001000626520045400636650004301090650007701133942001501210952020501225952020501430952020501635999001701840DO-SdBNP20250716160710.0ta250716e2025 dr qn|p|r||||||0| |0spa d aDO-SdBNPbspacBNPHUerda aspa aRepública Dominicana. Superintendencia de Salud y Riesgos Laborales988376 aObservatorio del cáncer : banalizamos el impacto de la enfermedad en el SFS /cSuperintendencia de Salud y Riesgos Laborales. aSISALRIL aSanto Domingo, República Dominicana : bSuperintendencia de Salud y Riesgos Laborales, c2025. avolumen : bilustraciones, fotografías ; c28 cm. aEdición 1. Año 2025, (enero-marzo).  atextobtxt2rdacontent asin mediación bn2rdamedia avolumenbnc2rdacarrier a2025. aHoy tenemos la satisfacción de presentarles el primer número de SISALRIL AL DÍA, una revista informativa que nace con la intención de mantener a los lectores al tanto de los avances relevantes de la Superintendencia de Salud y Riesgos Laborales (SISALRIL), informaciones inéditas e innovaciones que permiten una gestión más eficiente y transparente, para contribuir a mejorar la protección en salud y el bienestar de los ciudadanos.  0aSalud91687vPublicación periódica 0aAdministración de servicios de salud913988vPublicación periódica 2ddccISSUE 00102ddc4056708SEaBNPHUbBNPHUd2025-07-16hEdición 1. Año 2025, (enero-marzo)l0p2025-6645r2025-07-16te.1w2025-07-16yISSUEzRevista de la Superintendencia de Salud y Riesgos Laborales. 00102ddc4056708SEaBNPHUbBNPHUd2025-07-16hEdición 1. Año 2025, (enero-marzo)l0p2025-6646r2025-07-16te.2w2025-07-16yISSUEzRevista de la Superintendencia de Salud y Riesgos Laborales. 00102ddc4056708SEaBNPHUbBNPHUd2025-07-16hEdición 1. Año 2025, (enero-marzo)l0p2025-6647r2025-07-16te.3w2025-07-16yISSUEzRevista de la Superintendencia de Salud y Riesgos Laborales. c59566d59566